غا لب کے ا سا لیب (Record no. 148764)

MARC details
000 -LEADER
fixed length control field 00668nam a22001937a 4500
005 - DATE AND TIME OF LATEST TRANSACTION
control field 20180103155400.0
010 ## - LCCN (DPL NO)
LC control number UR-9994
020 ## - INTERNATIONAL STANDARD BOOK NUMBER
Terms of availability 100.00
International Standard Book Number -
035 ## - SYSTEM CONTROL NUMBER
System control number U-8549
037 ## - SOURCE OF ACQUISITION
Source of stock number/acquisition DBAD/PUB
100 ## - MAIN ENTRY--PERSONAL NAME
Personal name ڈ ا کٹر یا سمین ا ختر
245 ## - TITLE STATEMENT
Title غا لب کے ا سا لیب
Statement of responsibility, etc ڈ ا کٹر یا سمین ا ختر
246 ## - VARYING FORM OF TITLE
Remainder of title Ghalib ke Asaleeb
Title proper/short title by Dr.Yasmeen Akhtar
260 ## - PUBLICATION, DISTRIBUTION, ETC. (IMPRINT)
Place of publication, distribution, etc Bihar
Name of publisher, distributor, etc Dr.Yasmeen Akhtar
Date of publication, distribution, etc 2015
270 ## - ADDRESS
Address C/O.&D/O.Mr.Fakhar Alam Tank Lane,Gumti No.3,Bhikan Pur,
City Bhagalpur
Postal code 812001
Telephone number 9631783990
Fax number -
300 ## - PHYSICAL DESCRIPTION
Extent 96ص
Dimensions 22 Cm.(B.b)
500 ## - GENERAL NOTE
General note دو حصہ
942 ## - ADDED ENTRY ELEMENTS (KOHA)
Source of classification or shelving scheme Dewey Decimal Classification
Item type Urdu Bks
Classification part 841.08
Call number suffix غ ا ل
Holdings
Withdrawn status Lost status Not for loan Collection code Home library Current library Date acquired Source of acquisition Cost, normal purchase price Full call number Barcode Copy number Cost, replacement price Koha item type
    Not For Loan Non-fiction D.B.Act.Division D.B.Act.Division 03/01/2018 DBAD/PUB. 100.00 841.08 غ ا ل U-8549 1 100.00 Urdu Bks

© Delhi Public Library
Hit Counter
free hit counter